000 00594nam a2200205Ia 4500
008 191130s2007##################000#0#eng##
020 _a9780323045315
040 _aACL
_cACL
082 _a616.8552 BRO
100 _aBrookshire, Robert H
245 _aIntroduction to neurogenic communication disorders
_cRobert H. Brookshire
250 _a7th ed
260 _aMaryland Heights, MO
_bMosby Elsevier
_c2007
300 _axiii, 764p
500 _aIncludes index
650 _aCommunicative disorder
990 _a997b4321ac10000c4187a17df60fb2dd
991 _a104670
999 _c219784
_d219784